[Event "NOR-ch"]
[Site "?"]
[Date "1993.??.??"]
[Round "7"]
[White "Dannevig, Oystein"]
[Black "Haugli, Petter"]
[Result "0-1"]
[WhiteElo "2300"]
[BlackElo "2395"]

1.Nf3 d5 2.g3 c6 3.Bg2 Bg4 4.d3 Nd7 5.h3 Bh5 6.g4 Bg6 7.Nh4 e6 8.Nxg6 hxg6
9.Bf4 Qb6 10.Qc1 Bc5 11.e3 a5 12.O-O e5 13.Bg3 f5 14.d4 exd4 15.exd4 Bxd4
16.Qg5 Kf7 17.gxf5 gxf5 18.Qxf5+ Ngf6 19.Nd2 Rh5 20.Qd3 Ne5 21.Qe2 Re8 22.Rae1 Rg5
23.Kh1 Neg4 24.Qf3 Rxe1 25.Rxe1 Nxf2+ 26.Kh2 Ne4 27.Rxe4 dxe4 28.Nxe4 Rd5
29.Nd6+ Kg8 30.Qe2 Rg5 31.Qe6+ Kh7 32.Ne4 Rxg3 33.Nxg3 Qc7 34.Be4+ Kh8 35.Kg2 Qf4
36.h4 Qxh4 37.Qc8+ Ng8 38.Qxb7 Be5  0-1

[Event "Novosibirsk"]
[Site "Novosibirsk"]
[Date "1993.??.??"]
[Round "4"]
[White "Pigusov, Evgeny"]
[Black "Serper, Grigory"]
[Result "1/2-1/2"]
[WhiteElo "2575"]
[BlackElo "2590"]

1.Nf3 d5 2.g3 c5 3.Bg2 Nc6 4.d4 e6 5.O-O cxd4 6.Nxd4 Bc5 7.Nb3 Bb6 8.c4 Nge7
9.cxd5 Nxd5 10.Na3 O-O 11.Nc4 Bc7 12.Bd2 Qe7 13.Rc1 Rd8 14.Qc2 e5 15.Nca5 Bxa5
16.Bxa5 Nxa5 17.Nxa5 Be6 18.a3 Rd7 19.Rfd1 Rad8 20.Rd3 Bf5 21.e4 Nb6 22.Rxd7 Bxd7
23.h4 Rc8 24.Qd2 Rxc1+ 25.Qxc1 Be6 26.Bf3 Nc8 27.Qe3  1/2-1/2

[Event "Oberwart op"]
[Site "Oberwart"]
[Date "1993.??.??"]
[Round "5"]
[White "Gyorkos, Lajos"]
[Black "Klovans, Janis"]
[Result "1/2-1/2"]
[WhiteElo "2435"]
[BlackElo "2415"]

1.Nf3 d5 2.g3 Nf6 3.Bg2 e6 4.O-O Be7 5.d4 O-O 6.c4 dxc4 7.Qc2 a6 8.Qxc4 b5
9.Qc2 Bb7 10.Bg5 Nbd7 11.Nbd2 Rc8 12.Bxf6 Nxf6 13.Nb3 Be4 14.Qc1 Qd5 15.Rd1 Rfd8
16.Nc5 Bxc5 17.dxc5 Qa8 18.Qf4 Rd5 19.Rac1 h6 20.h3 a5 21.Ne1 Bxg2 22.Nxg2 Qc6
23.Rxd5 Qxd5 24.b3 e5 25.Qf5 Rd8 26.Ne3 Qe4 27.Qxe4 Nxe4 28.Rc2 Kf8 29.g4 c6
30.f3 Ng5 31.h4 Ne6 32.Kf2 g6 33.a3 Ke7 34.Ke1 Nd4 35.Rc3 Ke6 36.Nf1 f5 37.Nd2 Kf6
38.e3 Ne6 39.Ke2 Rd5 40.b4 a4 41.Rd3 Rxd3 42.Kxd3 e4+ 43.Ke2 exf3+ 44.Kxf3 fxg4+
45.Kxg4 Ke5 46.Kf3 h5 47.Ke2 Kf5 48.Nf3 Kg4 49.Kf2 Nd8 50.Kg2 Kf5 51.Kf2 Ne6
52.Ke2 Ke4 53.Nd2+ Kf5 54.Nf3 Ke4  1/2-1/2

[Event "Odense"]
[Site "Odense"]
[Date "1993.??.??"]
[Round "4"]
[White "Jurek, Josef"]
[Black "Grotnes, Nils"]
[Result "1/2-1/2"]
[WhiteElo "2305"]
[BlackElo "2330"]

1.Nf3 d5 2.g3 c6 3.Bg2 Bf5 4.d3 e6 5.O-O Be7 6.Nbd2 Nf6 7.b3 O-O 8.Bb2 a5
9.a3 h6 10.c4 Bh7 11.Rc1 Nbd7 12.Rc2 Bd6 13.Qa1 Qe7 14.Bh3 Rfc8 15.Rfc1 Qf8
16.Nd4 Re8 17.cxd5 exd5 18.N2f3 Nc5 19.Qa2 Nfd7 20.Nf5 Bxf5 21.Bxf5 g6 22.Bh3 Kh7
23.Rb1 Qe7 24.Bc1 Nf8 25.Qb2 Na6 26.Ra1 Nc7 27.Qc3 Nb5 28.Qd2 h5 29.Qh6+ Kg8
30.Bb2 f6 31.Nd4 Nxd4 32.Bxd4 Be5 33.Qe3 Bxd4 34.Qxd4 Qe5 35.Qxe5 Rxe5 36.d4 Re4
37.e3 f5 38.Rb1 Re6 39.Rc3 Nd7 40.f3 Nf6 41.Kf2 Kf7 42.Bf1 Ne8 43.Bd3 Nd6
44.Rc2 Ke7 45.Re2 Kd7 46.Ke1 h4 47.Kf2 Rh8 48.Rg1 hxg3+ 49.hxg3 Re7 50.Ree1 Reh7
51.Rg2 Rh1 52.Reg1 R8h2 53.Bf1 Rxg2+ 54.Rxg2 a4 55.bxa4 Rh8 56.Bd3 Ra8 57.Bc2 Nc4
58.Bb3 Nd2 59.Bc2 Nc4 60.Bb3 Ra6 61.Rh2 Rb6 62.Rh7+ Kd6 63.Bxc4 dxc4 64.e4 fxe4
65.fxe4 c5 66.e5+ Kd5 67.dxc5 Rb2+ 68.Ke3 Kxe5 69.g4 Rb3+ 70.Kd2 Kd4 71.Rd7+ Kxc5
72.Rc7+ Kd5 73.Rd7+ Kc6 74.Rg7 Rxa3 75.Rxg6+ Kc7 76.Rg5 Rxa4 77.Kc3 Kc6 78.Rg6+ Kb5
79.Rg5+ Ka6 80.Rg8 Ka7 81.Rg7 Ka6  1/2-1/2

[Event "Odorheiu Secuiesc op"]
[Site "Odorheiu Secuiesc"]
[Date "1993.??.??"]
[Round "3"]
[White "Lupu, Mircea Sergiu"]
[Black "Marin Ionescu, Luiza"]
[Result "0-1"]
[WhiteElo "2435"]
[BlackElo "2155"]

1.Nf3 d5 2.g3 Nf6 3.Bg2 e6 4.O-O Be7 5.d3 O-O 6.Nbd2 c5 7.e4 Nc6 8.Re1 d4
9.h3 e5 10.Nh4 g6 11.Nhf3 Nh5 12.Nc4 Qc7 13.a4 b6 14.Nh2 Be6 15.Ng4 Ng7 16.f4 f6
17.Nh6+ Kh8 18.Rf1 Nh5 19.Qf3 exf4 20.gxf4 Rad8 21.Bd2 a5 22.b3 Nb4 23.Rac1 f5
24.Ne5 fxe4 25.dxe4 Kg7 26.Neg4 Bg5 27.c3 Bxf4 28.Nf5+ gxf5 29.Bxf4 Nxf4
30.exf5 Rxf5 31.cxb4 Bd5 32.Ne3 Bxf3 33.Nxf5+ Kf6 34.Rxf3 Ne2+ 35.Kh1 Nxc1  0-1

[Event "Odorheiu Secuiesc op"]
[Site "Odorheiu Secuiesc"]
[Date "1993.??.??"]
[Round "9"]
[White "Popescu, Dan"]
[Black "Bets, Anatolij"]
[Result "0-1"]
[WhiteElo "2285"]
[BlackElo "2260"]

1.Nf3 d5 2.g3 c5 3.c4 d4 4.b4 cxb4 5.a3 bxa3 6.Bxa3 Nc6 7.d3 e5 8.Bxf8 Kxf8
9.Bg2 g6 10.Nbd2 Nf6 11.O-O h6 12.Qa4 Kg7 13.Nb3 Re8 14.Na5 Nxa5 15.Qxa5 b6
16.Qa3 Bb7 17.c5 Nd7 18.cxb6 axb6 19.Qb2 Qe7 20.Rab1 Ra7 21.Rfc1 Qd6 22.Nd2 Bxg2
23.Kxg2 Qd5+ 24.f3 Ra2 25.Qb4 Rea8 26.Kf2 Nc5 27.Rxc5 bxc5 28.Qc4 Qd7 29.Ne4 Qh3
30.Rh1 R8a5 31.f4 Qh5 32.Re1 Qxh2+ 33.Kf1 Ra1  0-1

[Event "Oviedo rapid"]
[Site "Oviedo"]
[Date "1993.??.??"]
[Round "11"]
[White "Salov, Valery"]
[Black "Polgar, Zsuzsa"]
[Result "1-0"]
[WhiteElo "2685"]
[BlackElo "2545"]

1.Nf3 d5 2.g3 c5 3.Bg2 Nc6 4.d4 Nf6 5.O-O Bg4 6.dxc5 e6 7.c4 dxc4 8.Qa4 Bxc5
9.Qxc4 Qd5 10.Qxd5 Nxd5 11.Nbd2 O-O 12.Ne4 Be7 13.Bd2 Rfd8 14.Rfc1 Nf6 15.Nxf6+ Bxf6
16.Bc3 Bxc3 17.Rxc3 Bxf3 18.Bxf3 Rd2 19.Rb3 Nd4 20.Rxb7 Rc8 21.b4 g6 22.Rxa7 Nxe2+
23.Bxe2 Rxe2 24.a4 Rcc2 25.Rf1 Ra2 26.a5 Reb2 27.Rb7 Rxa5 28.bxa5 Rxb7 29.Ra1 Ra7
30.Kf1 Kf8 31.Ke2 Ke7 32.Kd3 Kd6 33.Kc4 Kc6 34.Ra2 h5 35.h4 Rc7 36.Rb2 Kd6+  1-0

[Event "Oviedo rapid"]
[Site "Oviedo"]
[Date "1993.??.??"]
[Round "11"]
[White "Ubilava, Elizbar"]
[Black "Eslon, Jaan"]
[Result "1-0"]
[WhiteElo "2530"]
[BlackElo "2440"]

1.Nf3 d5 2.g3 c6 3.Bg2 Bg4 4.d3 Nd7 5.Nbd2 e5 6.c4 d4 7.O-O Be7 8.a3 a5 9.b3 Ngf6
10.Rb1 c5 11.h3 Bh5 12.Nh4 Ra7 13.Nf5 Bg6 14.Nxe7 Qxe7 15.Nf3 h6 16.b4 axb4
17.axb4 b6 18.bxc5 bxc5 19.Nh4 Bh7 20.e4 O-O 21.Nf5 Qe6 22.g4 Rfa8 23.h4 Ra1
24.Rxa1 Rxa1 25.g5 hxg5 26.hxg5 Ne8 27.Bh3 Bxf5 28.exf5 Qe7 29.Qg4 e4 30.f6 Ndxf6
31.gxf6 Nxf6 32.Qc8+ Kh7 33.Bg5 Rxf1+ 34.Kxf1 exd3 35.Qf5+ Kg8 36.Bxf6 Qe2+
37.Kg1 gxf6 38.Bf1 Qe7 39.Bxd3 Kf8 40.Kg2 Qd6 41.Kf3 Qb6 42.Qd7 Kg7 43.Ke4 Qb8
44.Kd5 Qb3 45.Qg4+ Kf8 46.Qf5 Qa3 47.Kd6 Qa5 48.Qxc5 Qd8+ 49.Kc6+ Kg7 50.Qd6 Qa8+
51.Kb6 Qa1 52.Qg3+ Kf8 53.c5 Qa3 54.Qd6+ Kg7 55.Qxd4 Qb3+ 56.Bb5 Qf3 57.c6  1-0

[Event "Paris-ch"]
[Site "Paris"]
[Date "1993.??.??"]
[Round "1"]
[White "Giffard, Nicolas"]
[Black "Gaspariants, Garry"]
[Result "1-0"]
[WhiteElo "2370"]
[BlackElo "2245"]

1.Nf3 d5 2.g3 Nf6 3.Bg2 c6 4.O-O Bg4 5.d3 Nbd7 6.Nbd2 e5 7.c4 Be7 8.cxd5 cxd5
9.h3 Bh5 10.Nh4 O-O 11.g4 Bg6 12.Nxg6 hxg6 13.b3 Qa5 14.Bb2 Bb4 15.Nb1 Rfc8
16.a3 Bf8 17.e3 Rc6 18.b4 Qc7 19.Qb3 Rc8 20.g5 Nh7 21.h4 d4 22.Bxc6 Qxc6
23.Nd2 Nb6 24.Rfc1 Qd7 25.Rxc8 Qxc8 26.Qd1 Qh3 27.Qf3 Qxh4 28.Qg3 Qh5 29.Nf3 Bd6
30.Qg2 Na4 31.Rb1 dxe3 32.fxe3 e4 33.dxe4 Be7 34.Bd4 Nxg5 35.Nxg5 Bxg5 36.Rf1 Bh6
37.e5 Nc3 38.Qxb7 Qg4+ 39.Qg2 Ne2+ 40.Kf2 Qh5 41.Qa8+ Kh7 42.Rh1 Qf5+ 43.Kxe2 Qc2+
44.Ke1 g5 45.e6 fxe6 46.Qb7 e5 47.Bxe5 Kg6 48.Qd5  1-0

[Event "Paris-ch"]
[Site "Paris"]
[Date "1993.??.??"]
[Round "2"]
[White "Pinard, Alain"]
[Black "Praud, Jean Luc"]
[Result "1/2-1/2"]
[WhiteElo "2265"]
[BlackElo "2200"]

1.Nf3 d5 2.g3 c5 3.Bg2 Nc6 4.d4 e6 5.O-O Nf6 6.c4 Be7 7.dxc5 Bxc5 8.a3 O-O
9.b4 Be7 10.Qc2 Ne4 11.Bb2 Bf6 12.Nbd2 Bxb2 13.Qxb2 Qf6 14.Qxf6 Nxf6 15.Rfc1 Bd7
16.c5 a6 17.e4 dxe4 18.Ng5 Nd4 19.Kf1 Bb5+ 20.Ke1 Bd3 21.Ngxe4 Nxe4 22.Nxe4 Nb3
23.Nd6 Nxa1 24.Rxa1 Rad8 25.Bxb7 Rd7 26.a4 Rb8 27.Bc6 Rc7 28.b5 g6 29.Ra3 axb5
30.axb5 Bxb5 31.Bxb5 Rxc5 32.Be8 Rd5 33.Ne4 Rxe8 34.Nf6+ Kf8 35.Nxe8 Kxe8
36.Ra7 Rd7 37.Ra8+ Ke7 38.Ke2 Rb7 39.Ke3 Rb2 40.Ra7+ Kf6 41.Ra5 h5 42.h4 e5
43.Kf3 Kf5 44.Rc5 f6 45.Ra5 Rb3+ 46.Kg2 Rb2 47.Kf3 Rb3+ 48.Kg2 Rc3 49.Rb5 Ra3
50.Rc5  1/2-1/2

[Event "Paris-ch"]
[Site "Paris"]
[Date "1993.??.??"]
[Round "3"]
[White "Praud, Jean Luc"]
[Black "Chevallier, Didier"]
[Result "0-1"]
[WhiteElo "2200"]
[BlackElo "2295"]

1.Nf3 d5 2.g3 c6 3.Bg2 Bg4 4.c4 Nf6 5.cxd5 cxd5 6.Ne5 Bc8 7.Nc3 e6 8.d4 Be7
9.O-O O-O 10.Bf4 Nh5 11.Bd2 Nf6 12.Rc1 Qb6 13.Qa4 Nc6 14.Nxc6 bxc6 15.e3 Qxb2
16.Rc2 Qa3 17.Qxa3 Bxa3 18.Nb1 Be7 19.Rxc6 Bd7 20.Rc2 Ba4 21.Rcc1 Bb5 22.Rfd1 Be2
23.Re1 Bc4 24.Nc3 Rab8 25.e4 Ba3 26.Rb1 Bb2 27.exd5 exd5 28.h3 Bd3 29.Nxd5 Nxd5
30.Bxd5 Bxb1 31.Rxb1 Bxd4 32.Bb3 Rfe8 33.Kf1 Rbd8 34.Bb4 Bb6 35.Rc1 h6 36.Rc6 Rc8
37.Rd6 Red8 38.Rxd8+ Rxd8 39.Ke2 a5 40.Bc3 Re8+ 41.Kf3 Rc8 42.Bd2 Rd8 43.Be1 Rd4
44.Ke2 Re4+ 45.Kd1 g5 46.f3 Re3 47.Bf2 Rxb3  0-1

[Event "Apsap op"]
[Site "Paris"]
[Date "1993.??.??"]
[Round "6"]
[White "Giffard, Nicolas"]
[Black "Lacrosse, Marc"]
[Result "1-0"]
[WhiteElo "2370"]
[BlackElo "2250"]

1.Nf3 d5 2.g3 c6 3.Bg2 Bg4 4.d3 Nd7 5.Nbd2 Ngf6 6.h3 Bh5 7.g4 Bg6 8.Nh4 e5
9.e3 Ng8 10.Nxg6 hxg6 11.O-O Ngf6 12.c4 dxc4 13.Nxc4 Be7 14.Qe2 Qc7 15.Bd2 O-O
16.b4 Rae8 17.Rfc1 Qb8 18.Na5 Bd8 19.Rab1 a6 20.a4 Qa7 21.Nc4 Nb6 22.b5 Nxc4
23.Rxc4 axb5 24.axb5 c5 25.Qd1 b6 26.Bc6 Re7 27.g5 Ne8 28.h4 Nd6 29.Ra4 Qc7
30.e4 Qc8 31.Qf3 f5 32.Ra8 Qc7 33.Bd5+ Kh7 34.Kg2 Ree8 35.Qh3 fxe4 36.dxe4  1-0

[Event "Podgorica"]
[Site "Podgorica"]
[Date "1993.??.??"]
[Round "8"]
[White "Kosic, Dragan"]
[Black "Ivanovic, Bozidar"]
[Result "1/2-1/2"]
[WhiteElo "2455"]
[BlackElo "2470"]

1.Nf3 d5 2.g3 Nf6 3.Bg2 Bg4 4.O-O Nbd7 5.d3 e6 6.Nbd2 Bc5 7.h3 Bh5 8.Qe1 O-O
9.e4 c6 10.Nh2 dxe4 11.dxe4 e5 12.Nb3 Bb6  1/2-1/2

[Event "Podgorica"]
[Site "Podgorica"]
[Date "1993.??.??"]
[Round "10"]
[White "Drasko, Milan"]
[Black "Lazic, Miroljub"]
[Result "1-0"]
[WhiteElo "2475"]
[BlackElo "2450"]

1.Nf3 d5 2.g3 Bg4 3.Bg2 c6 4.O-O Nd7 5.d3 e6 6.Nbd2 Ngf6 7.h3 Bh5 8.b3 Bd6
9.Bb2 Qe7 10.a3 O-O 11.e4 dxe4 12.dxe4 Bxf3 13.Qxf3 Be5 14.Bxe5 Nxe5 15.Qe3 Rfd8
16.f4 Ned7 17.e5 Nd5 18.Qf2 Qc5 19.Ne4 Qxf2+ 20.Kxf2 f6 21.c4 Nc7 22.exf6 Nxf6
23.Rad1 Nxe4+ 24.Bxe4 g6 25.Ke3 Kf7 26.g4 Ne8 27.Bf3 Ke7 28.h4 Ng7 29.Be4 Ne8
30.h5 Nf6 31.Bf3 gxh5 32.g5 Ne8 33.Bxh5 Nd6 34.Bg4 h6 35.gxh6 Rh8 36.Rh1 Rag8
37.Kf3 Rg6 38.h7 Rg7 39.Rde1 Rg6 40.f5 Nxf5 41.Bxf5 Rf6 42.Rxe6+ Rxe6 43.Bxe6 Kxe6
44.Ke4  1-0

[Event "RUS-chT"]
[Site "Podolsk"]
[Date "1993.??.??"]
[Round "?"]
[White "Terentiev, Vitaly G"]
[Black "Ivanov, Alexey"]
[Result "1-0"]
[WhiteElo "2400"]
[BlackElo "2505"]

1.g3 d5 2.Nf3 g6 3.c4 d4 4.Bg2 Bg7 5.d3 e5 6.O-O Ne7 7.b4 O-O 8.Nbd2 Nd7
9.a4 a5 10.b5 Rb8 11.Ba3 b6 12.Rc1 Re8 13.Qb3 Bb7 14.Ne4 Bxe4 15.dxe4 Nc5
16.Bxc5 bxc5 17.e3 Nc8 18.exd4 exd4 19.Ne1 Nd6 20.Nd3 Nxe4 21.Bxe4 Rxe4 22.Nxc5 Re5
23.Nd3 Rh5 24.Nf4 Rf5 25.Rce1 Re5 26.Rxe5 Bxe5 27.Nd3 Bg7 28.Re1 h5 29.c5 h4
30.Nf4 Qg5 31.Qd5 Qd8 32.Nxg6 hxg3 33.hxg3 d3 34.Nf4 d2 35.Rd1 Bc3 36.Qf3 Bb4
37.Nd5 Qg5 38.Kg2 Bxc5 39.Nf6+ Kg7 40.Ne4 Qe5 41.Rxd2 Bb6 42.Qg4+ Kf8 43.Ng5  1-0

[Event "RUS-chT"]
[Site "Podolsk"]
[Date "1993.??.??"]
[Round "?"]
[White "Terentiev, Vitaly G"]
[Black "Polovodin, Igor A"]
[Result "0-1"]
[WhiteElo "2400"]
[BlackElo "2445"]

1.g3 d5 2.Nf3 Nf6 3.Bg2 g6 4.b3 Bg7 5.Bb2 c5 6.c4 d4 7.b4 O-O 8.bxc5 Nc6
9.d3 Nd7 10.Nbd2 Nxc5 11.Ba3 Ne6 12.O-O b6 13.Rb1 Qd7 14.Qa4 Bb7 15.Rfc1 Rfd8
16.c5 Nc7 17.cxb6 axb6 18.Qb3 Nd5 19.Nc4 Ra6 20.Bb2 e5 21.Ba1 Na5 22.Nxa5 Rxa5
23.Nd2 Rda8 24.Rc2 Qa4 25.Qxa4 Rxa4 26.Ne4 Rxa2 27.Rxa2 Rxa2 28.Bb2 Bc6 29.Nd6 Ne7
30.e3 Bxg2 31.Kxg2 dxe3 32.fxe3 e4 33.d4 Nd5 34.Nxe4 Nxe3+ 35.Kf3 Nf5 36.g4 Nxd4+
37.Bxd4 Bxd4 38.Rd1 Be5 39.Rd5 Bxh2 40.g5 Ra5 41.Rd8+ Kg7 42.Kg4 Be5  0-1

[Event "Rubinstein mem"]
[Site "Polanica Zdroj"]
[Date "1993.??.??"]
[Round "1"]
[White "Hickl, Joerg"]
[Black "Kuczynski, Robert"]
[Result "1-0"]
[WhiteElo "2570"]
[BlackElo "2520"]

1.g3 d5 2.Nf3 c6 3.Bg2 Bg4 4.b3 e6 5.Bb2 Nd7 6.O-O Ngf6 7.c4 Bd6 8.d3 O-O
9.Na3 Re8 10.Nc2 a5 11.a3 Bh5 12.b4 Bf8 13.Qe1 axb4 14.axb4 Rxa1 15.Bxa1 dxc4
16.dxc4 Bg6 17.Ne3 Qb6 18.Bc3 Rd8 19.c5 Qa6 20.Qa1 Ra8 21.Ne5 Nxe5 22.Bxe5 Nd5
23.Nxd5 exd5 24.Bh3 Bc2 25.Qxa6 bxa6 26.Ra1 Re8 27.Bd6 Bxd6 28.cxd6 Ra8 29.d7  1-0

[Event "Rubinstein mem"]
[Site "Polanica Zdroj"]
[Date "1993.??.??"]
[Round "4"]
[White "Ribli, Zoltan"]
[Black "Sosonko, Gennadi"]
[Result "1-0"]
[WhiteElo "2610"]
[BlackElo "2525"]

1.Nf3 d5 2.g3 c5 3.Bg2 Nc6 4.d4 Nf6 5.O-O Bg4 6.dxc5 e5 7.c4 Bxc5 8.cxd5 Qxd5
9.Nc3 Qxd1 10.Rxd1 h6 11.Na4 Be7 12.Be3 Rc8 13.h3 Bf5 14.Rac1 O-O 15.Nc5 b6
16.Nh4 Bxc5 17.Bxc5 bxc5 18.Nxf5 Nd4 19.Ne7+ Kh7 20.Rxd4 exd4 21.Nxc8 Rxc8
22.Rc4 Rb8 23.b3 Rb5 24.Ra4 a5 25.Rc4 Rb4 26.Rxc5 a4 27.Rc4 Rxc4 28.bxc4 Nd7
29.Be4+ g6 30.Kf1 Nc5 31.Bc2 Kg7 32.Ke1 g5 33.Kd2 Kf6 34.e3 dxe3+ 35.fxe3 Ke5
36.Kc3 h5 37.Kb4 Kd6 38.a3 h4 39.gxh4 gxh4 40.Kb5  1-0

[Event "Rubinstein mem"]
[Site "Polanica Zdroj"]
[Date "1993.??.??"]
[Round "6"]
[White "Markowski, Tomasz"]
[Black "Hansen, Lars Bo"]
[Result "1/2-1/2"]
[WhiteElo "2465"]
[BlackElo "2560"]

1.Nf3 d5 2.g3 Bg4 3.Bg2 Nd7 4.c4 dxc4 5.Na3 g6 6.Nxc4 Bg7 7.O-O c6 8.d4 Be6
9.Qc2 Ngf6 10.Ng5 Bxc4 11.Qxc4 O-O 12.Nf3 Ne8 13.Rd1 Nd6 14.Qc2 Nf6 15.Bd2 Qb6
16.Be1 Rfd8 17.Rac1 Nd7 18.a4 a5 19.e4 e5 20.d5 cxd5 21.Rxd5 Nf6 22.Rxe5 Rdc8
23.Bc3 Rc4 24.Re1 Rac8 25.Bh3 R8c6 26.Re3 h5 27.Nd2 Rxc3 28.Rxc3 Ng4 29.Bxg4 Bxe5
30.Rxc6 bxc6 31.Bd7 Bxb2 32.Bxc6 Bd4 33.Bd5 Bxf2+ 34.Kg2 Bd4 35.Nf3 Qb2 36.Qxb2 Bxb2  1/2-1/2

[Event "Polanica Zdroj op"]
[Site "Polanica Zdroj"]
[Date "1993.??.??"]
[Round "8"]
[White "Maciejewski, Miroslaw"]
[Black "Murdzia, Piotr"]
[Result "0-1"]
[WhiteElo "2360"]
[BlackElo "2435"]

1.Nf3 d5 2.g3 c6 3.Bg2 Bg4 4.d3 Nd7 5.O-O Ngf6 6.Nbd2 e5 7.e4 Bd6 8.h3 Bh5
9.a4 O-O 10.Re1 Re8 11.b3 Qc7 12.Bb2 Rad8 13.Qe2 Bb4 14.c3 Bf8 15.b4 a5 16.Ba3 Ra8
17.bxa5 Bxa3 18.Rxa3 Qd6 19.Rea1 Nc5 20.Qe3 dxe4 21.dxe4 Bxf3 22.Bxf3 Qe7
23.Nc4 Red8 24.Qg5 Nd3 25.Ne3 h6 26.Qh4 Qf8 27.Nf5 Kh7 28.Nxh6 g5 29.Qxg5 Qxh6
30.h4 Qxg5 31.hxg5 Ne8 32.c4 Nc5 33.Bg4 Kg7 34.Bf5 Rd2 35.f4 Nd6 36.Re1 Rxa5
37.g4 Rxa4 38.Rh3 Raa2 39.fxe5 Ndxe4  0-1

[Event "Police op"]
[Site "Police"]
[Date "1993.??.??"]
[Round "3"]
[White "Bockowski, Ryszard"]
[Black "Weglarz, Leszek"]
[Result "1/2-1/2"]
[WhiteElo "2250"]
[BlackElo "2360"]

1.Nf3 d5 2.g3 c6 3.Bg2 Bg4 4.d3 Nd7 5.O-O e5 6.Nbd2 Be7 7.b3 f6 8.c4 Nh6
9.Qc2 Nf7 10.h3 Be6 11.e4 dxc4 12.dxc4 O-O 13.Rd1 a5 14.Nf1 a4 15.Bd2 Qc8
16.Ne3 Nc5 17.Nf5 Bxf5 18.exf5 axb3 19.axb3 Rxa1 20.Rxa1 Na6 21.Be3 Bc5 22.Bxc5 Nxc5
23.b4 Na6 24.Rb1 c5 25.bxc5 Nxc5 26.Nd2 Nd6 27.Bd5+ Kh8 28.g4 h6 29.Nf3 Qc7
30.Nh4 Ra8 31.Ng6+ Kh7 32.Kg2 Ra3 33.Nf8+ Kh8  1/2-1/2

[Event "POR-ch"]
[Site "?"]
[Date "1993.??.??"]
[Round "6"]
[White "Fernandes, Antonio"]
[Black "Camejo, Rui"]
[Result "0-1"]
[WhiteElo "2460"]
[BlackElo "2275"]

1.Nf3 d5 2.g3 Nf6 3.Bg2 c6 4.O-O Bf5 5.d3 e6 6.Nbd2 h6 7.Re1 Bh7 8.c4 Bc5
9.Qc2 Nbd7 10.Nb3 Be7 11.Bf4 O-O 12.Rad1 a5 13.cxd5 exd5 14.e4 dxe4 15.dxe4 Bb4
16.Re2 Qb6 17.a3 Be7 18.Nfd2 a4 19.Nc1 Nc5 20.Nc4 Qa6 21.f3 Nd5 22.Be5 Rad8
23.Nd3 b5 24.Ne3 Nxd3 25.Rxd3 b4 26.Nc4 b3 27.Qc1 Nf4 28.Bxf4 Rxd3 29.Re1 Qa7+
30.Kh1 Qf2 31.Rf1 Qc2 32.Ne5 Rdd8 33.Nxc6 Rd7 34.Nxe7+ Rxe7 35.Bd6 Rc8 36.Qxc2 bxc2
37.Bxe7 c1=Q 38.Rxc1 Rxc1+  0-1

[Event "Porz op29"]
[Site "Porz"]
[Date "1993.??.??"]
[Round "1"]
[White "Bogdan, Dan"]
[Black "Arlt, Klaus"]
[Result "1-0"]
[WhiteElo "2295"]
[BlackElo "1825"]

1.Nf3 d5 2.g3 Nf6 3.Bg2 c6 4.O-O Bf5 5.d3 e6 6.Nbd2 Be7 7.b3 Nbd7 8.Bb2 O-O
9.Re1 Qb6 10.e4 dxe4 11.dxe4 Bg4 12.e5 Nd5 13.h3 Bh5 14.Ne4 Rad8 15.Nd6 Qc7
16.c4 N5b6 17.g4 Bg6 18.Qc1 Bxd6 19.exd6 Qxd6 20.Qc3 f6 21.Rad1 Qe7 22.Qa5 Rfe8
23.Qxa7 Ra8 24.Qxb7 Rec8 25.Nd4 Rxa2 26.Nxc6 Rxc6 27.Bxc6 Rxb2 28.Bxd7 Bf7
29.Bxe6  1-0

[Event "Porz op29"]
[Site "Porz"]
[Date "1993.??.??"]
[Round "4"]
[White "Espig, Lutz"]
[Black "Wuts, Frank"]
[Result "0-1"]
[WhiteElo "2455"]
[BlackElo "1980"]

1.Nf3 d5 2.g3 Nf6 3.Bg2 g6 4.d4 Bg7 5.c4 e6 6.O-O O-O 7.Nc3 c6 8.b3 Qa5 9.Bb2 Rd8
10.Qc2 Nbd7 11.Rfd1 b5 12.c5 b4 13.Na4 Ne4 14.Ne1 f5 15.f3 Ng5 16.Nd3 Ba6
17.Nf2 Rab8 18.a3 Nf7 19.e3 Qc7 20.axb4 Rxb4 21.Bc3 Rbb8 22.Ra3 Bb5 23.Bb2 Bxa4
24.Rxa4 Rb7 25.Bc3 Rdb8 26.Rb1 e5 27.Ba5 Qc8 28.e4 exd4 29.exd5 Rb5 30.dxc6 Nxc5
31.Ra3 Qxc6 32.Bf1 Ne5 33.b4 d3 34.Qa2+ Kh8 35.Bg2 Qe6 36.Qxe6 Nxe6 37.Rd1 Nc4
38.Ra2 Nxa5 39.bxa5 Rb1 40.Rxb1 Rxb1+ 41.Bf1 Nc5 42.Kg2 Rb3 43.a6 Bd4 44.Nd1 Kg7
45.Rd2 Ra3 46.f4 Kf6 47.Kf3 Ke6 48.Ne3 Bxe3 49.Kxe3 Rxa6 50.Rb2 Rd6 51.Ra2 a6
52.Bg2 Ne4 53.Ra1 d2 54.Rd1 a5 55.Bf3 a4 56.Be2 Rc6 57.Bb5 Rc3+ 58.Kd4 Rc1
59.Bxa4 Rxd1  0-1

[Event "Protvino zt"]
[Site "Protvino"]
[Date "1993.??.??"]
[Round "?"]
[White "Ubilava, Elizbar"]
[Black "Sturua, Zurab"]
[Result "0-1"]
[WhiteElo "2530"]
[BlackElo "2565"]

1.Nf3 d5 2.g3 c6 3.Bg2 Nf6 4.O-O Bg4 5.d3 Nbd7 6.Nbd2 e5 7.h3 Bh5 8.Nh4 Bc5
9.c4 O-O 10.g4 Bg6 11.Nxg6 hxg6 12.Nb3 Bb6 13.g5 dxc4 14.dxc4 Ne8 15.Qd3 Qe7
16.Rd1 Rd8 17.Be3 Nc7 18.h4 Ne6 19.Qe4 Bxe3 20.Qxe3 Nf4 21.Qxa7 Qe6 22.Qe3 Qg4
23.Qf3 Qxh4 24.e3 Nxg2 25.Kxg2 Qxg5+ 26.Qg3 Qxg3+ 27.Kxg3 Nb8 28.Na5 b6 29.Nb7 Rc8
30.Rd2 Rc7 31.Nd6 Rd8 32.Rad1 Rcd7 33.Ne4 Kf8 34.b4 Ke7 35.Rxd7+ Nxd7 36.Nc3 g5
37.a4 f5 38.e4 Nf6 39.Rxd8 f4+ 40.Kh3 g4+ 41.Kh4 Kxd8 42.Nd1 Kc7 43.Kg5 g3
44.fxg3 Nxe4+ 45.Kg4 Nxg3 46.Nf2 Kd6 47.a5 bxa5 48.bxa5 Nf1 49.Ne4+ Kc7 50.Kf5 Ng3+  0-1

[Event "Ptuj-B"]
[Site "Ptuj"]
[Date "1993.??.??"]
[Round "8"]
[White "Velickovic, Zoran"]
[Black "Gerencer, Jozef"]
[Result "1-0"]
[WhiteElo "2285"]
[BlackElo "2230"]

1.Nf3 d5 2.g3 Nf6 3.c4 e6 4.Bg2 c6 5.O-O Nbd7 6.d4 b6 7.Ne5 Bb7 8.Nc3 Bd6
9.Bf4 Qe7 10.cxd5 Nxd5 11.Nxd5 cxd5 12.Qa4 Bxe5 13.Bxe5 O-O 14.Bf4 Rfc8 15.Rfc1 a6
16.Qb3 Qd8 17.Qb4 Rxc1+ 18.Rxc1 Rc8 19.Rxc8 Qxc8 20.Qe7 Nf8 21.Qd6 Qc6 22.Qd8 b5
23.h4 Qc8 24.Qxc8 Bxc8 25.Kf1 Nd7 26.Ke1 Kf8 27.Kd2 Ke7 28.Kc3 Nb6 29.Kb4 Kd7
30.b3 Kc6 31.h5 Nd7 32.e4 Nf6 33.exd5+ exd5 34.h6 gxh6 35.Ka5 Kb7 36.a4 bxa4
37.bxa4 Ka7 38.Bxh6 Bb7 39.Bh3 Ne4 40.Be3 Nd6 41.Bf4 Bc8 42.Bg2 Nb7+ 43.Kb4 a5+
44.Kb3 Be6 45.Bc7 f5 46.Bf1 Bd7 47.Be2 Be6 48.Bd1 Bd7 49.Be2 Be6 50.Kc3  1-0

[Event "Pula tt"]
[Site "Pula"]
[Date "1993.??.??"]
[Round "?"]
[White "Jukic, Zdenko"]
[Black "Petrov, Jole"]
[Result "1-0"]
[WhiteElo "2240"]
[BlackElo "2360"]

1.Nf3 d5 2.g3 c6 3.Bg2 Nf6 4.O-O Bf5 5.d3 h6 6.Nbd2 e6 7.c4 Nbd7 8.cxd5 cxd5
9.Nb3 Be7 10.Bd2 O-O 11.Na5 Qc7 12.Rc1 Qb6 13.Qb3 Nc5 14.Qc2 Rac8 15.b4 Nce4
16.Qxc8 Nxd2 17.Qxb7 Qxb7 18.Nxb7 Nxf1 19.a3 Nxh2 20.Nxh2 Ra8 21.Nf3 Ne8
22.Nd4 Bg4 23.Nc6 Bf6 24.Rc2 Kf8 25.b5 Rc8 26.Nc5 Rc7 27.a4 Nd6 28.e4 dxe4
29.dxe4 Nb7 30.Na6 Rc8 31.Rd2 Ke8 32.e5 Bd8 33.Nxa7 Rc1+ 34.Kh2 Na5 35.Nc6 Nxc6
36.Bxc6+ Ke7 37.Rd7+  1-0

[Event "Pula tt"]
[Site "Pula"]
[Date "1993.??.??"]
[Round "?"]
[White "Sinanovic, Muhamed"]
[Black "Kovacevic, Vlatko"]
[Result "0-1"]
[WhiteElo "2400"]
[BlackElo "2485"]

1.Nf3 d5 2.g3 c6 3.Bg2 Bg4 4.O-O e6 5.d3 Nd7 6.Nbd2 Bd6 7.e4 Ne7 8.Re1 O-O
9.h3 Bh5 10.Nf1 a5 11.g4 Bg6 12.e5 Bc7 13.Bg5 h6 14.Bh4 Bh7 15.Qd2 Re8 16.Ng3 Qb8
17.Nh5 Bg6 18.d4 Bxh5 19.gxh5 Nf5 20.Bf1 Nxh4 21.Nxh4 Qd8 22.Ng2 f6 23.f4 Rf8
24.Bd3 Bb6 25.c3 fxe5 26.fxe5 Qg5 27.Qxg5 hxg5 28.Kh2 c5 29.Bb5 Rad8 30.c4 cxd4
31.cxd5 Nxe5 32.dxe6 Nf3+ 33.Kh1 Nxe1 34.Rxe1 Rc8 35.e7 Rfe8 36.h4 Kf7 37.Bxe8+ Kxe8
38.hxg5 Rc5 39.Nf4 Rxg5 40.Ne6 Rxh5+ 41.Kg2 Rh7 42.Kf3 d3 43.Nf4 d2 44.Rd1 Rh2
45.Ng2 Rh3+ 46.Ke4 Rh2 47.Rxd2 Kxe7 48.Kf3 Bc7 49.Rd5 b6 50.Rb5 Rh6 51.Ne3 Kd7
52.Rg5 Rf6+ 53.Ke4 g6 54.Nc4 Kc6 55.a4 Kd7 56.Rb5 Kc6 57.b3 Rf4+ 58.Ke3 Rh4
59.Ne5+ Bxe5 60.Rxe5 Rh3+ 61.Kd4 Rxb3 62.Re6+ Kb7 63.Rxg6 Rb4+ 64.Kc3 Rxa4
65.Kb3 Rd4  0-1

[Event "CRO-Cup"]
[Site "Pula"]
[Date "1993.??.??"]
[Round "1"]
[White "Gyorkos, Lajos"]
[Black "Kovacevic, Vladimir"]
[Result "1/2-1/2"]
[WhiteElo "2435"]
[BlackElo "2265"]

1.Nf3 d5 2.g3 c6 3.Bg2 Bg4 4.d3 e6 5.c4 dxc4 6.dxc4 Qxd1+ 7.Kxd1 Nd7 8.Nbd2 Ngf6
9.h3 Bf5 10.g4 Bg6 11.Nh4 e5 12.b3 O-O-O 13.Nxg6 hxg6 14.Kc2 Be7 15.Bb2 Ne8
16.Nf3 f6 17.Rad1 Nc7 18.e3 Nc5 19.Rxd8+ Rxd8 20.Nh4 Nd3 21.Bc3 Na6 22.Nxg6 Ba3
23.Bf3 Nab4+ 24.Kb1 Nxf2 25.Rh2 Nfd3 26.Rd2 Na6 27.Rd1 Bc5 28.h4 Kc7 29.Be2 Nf2
30.Rxd8 Kxd8 31.Bd2 Ne4 32.Kc2 Nb4+ 33.Bxb4 Bxb4 34.Bd3 Nc5 35.Bf5 Ke8 36.g5 Kf7
37.e4 a5 38.h5 fxg5 39.Nxe5+ Kf6 40.Ng4+ Ke7 41.Ne5 Kf6 42.Ng4+ Ke7 43.Ne5  1/2-1/2

[Event "CRO-Cup"]
[Site "Pula"]
[Date "1993.??.??"]
[Round "2"]
[White "Dizdarevic, Emir"]
[Black "Samovojska, Damir"]
[Result "1-0"]
[WhiteElo "2540"]
[BlackElo "2350"]

1.Nf3 d5 2.g3 g6 3.Bg2 Bg7 4.O-O e5 5.d3 Ne7 6.Nbd2 O-O 7.e4 c6 8.c3 Qc7
9.Re1 h6 10.d4 exd4 11.Nxd4 a6 12.N2b3 dxe4 13.Bf4 Qd8 14.Rxe4 Nd5 15.Bd2 Nd7
16.c4 N5f6 17.Nxc6 Qc7 18.Ne7+ Kh7 19.Bf4 Qb6 20.Rd4 Qe6 21.Nxc8 Raxc8 22.Rc1 b5
23.Rd6 Qf5 24.Nd4 Qc5 25.cxb5 Qb4 26.Nc6 Qxb5 27.Rxd7 Nxd7 28.Qxd7 Qxb2 29.Bd5 Qf6
30.Re1 Qc3 31.Re7 Qa1+ 32.Kg2 Qd1 33.h4 Kh8 34.Be5 Bxe5 35.Nxe5  1-0